| 000 | 00628nam a22001937a 4500 | ||
|---|---|---|---|
| 999 |
_c197388 _d197388 |
||
| 005 | 20230822161653.0 | ||
| 010 | _aUR-12157 | ||
| 020 |
_a9788196029388 _c200.00 |
||
| 035 | _aU-10712 | ||
| 037 | _bDBAD/PUB | ||
| 082 | _a841 | ||
| 100 | _aسلیم انور | ||
| 245 |
_aاردو غزل : _bسمت و رفتار / _cسلیم انور |
||
| 246 |
_aUrdu ghazal : samt-o-raftar / _bby Saleem Anwar |
||
| 260 |
_aNew Delhi _bEducational Publishing House _c2023 ء |
||
| 270 |
_aH.O. D1/16, Ansari Road, Darya Ganj _bNew Delhi _e110002 |
||
| 300 |
_a168ص _c23cm(Hb) |
||
| 942 |
_2ddc _cUR _mس ل ی _e _h841 |
||